Casas junto al mar, casas á veira del mar

Bibliographic Details
Main Author: Minguet, Josep M.
Format: Section = Libro
Language:Undetermined
Spanish
Published: Barcelona Instituto Monsa de Ediciones S.A 2006
Subjects:
LEADER 00599nam a2200205Ia 4500
008 240829s9999 xx 000 0 und d
020 |a 84-96429-47-4 
040 |a BIBLIOTECA-RUSB/ Ref 728.37 C335 
041 |a spa 
082 |a Ref 728.37 C335 
100 1 |a Minguet, Josep M. 
245 1 0 |a Casas junto al mar, casas á veira del mar 
260 |a Barcelona  |b Instituto Monsa de Ediciones S.A  |c 2006 
300 |a 340 p. :il. 
650 7 |a ARQUITECTURA - CASAS JUNTO AL MAR 
650 7 |b  ARQUITECTURA CONTEMPORANEA 
650 7 |c  PLANOS DE LOCALIZACION 
942 |c BK  |2 ddc 
991 |a TEXTO 
999 |c 6564